00229nam a2200097Ia 4500100002300000654000900023245003800032260003400070082001500104546001200119 aLeventhal/Lance A  aZ80  aZ80 Assembly language programming bMcGraw HillaCaliforniac1986 a1.642bLEV aENGLISH